00970cam a22002891 4500001001300000003000400013005001700017008004100034010001700075040004100092050001800133051003100151070002000182082001100202100003400213245010800247260004800355300002700403490006500430500001700495500006500512504003600577650001500613650001900628650001600647999001700663agr42000401 DLC20260227111001.0771101s1942 dcua b 000 0 eng c aagr42000401  aU.S. Dept. of agr. LibrarycDSIdDLC00aQL596.B8bF52 aS21b.A46 no. 470cCopy 2.0 a1Agr84M no. 47000a595.761 aFisher, Warren Samuel,d1878-12aA revision of the North American species of buprestid beetles belonging to the tribe Chrysobothrini ... aWashingtonb[U.S. Govt. print. off.,c1942] a275 p.billus.c23 cm.0 aU.S. Dept of agriculture. Miscellaneous publication no. 470 aCover title. aContribution from Bureau of entomology and plant quarantine. a"Literature cited": p. 250-251. 0aActenodes. 0aChrysobothris. 3aBuprestidae c10209d10209